Resolution : [a novel] /

After a bloody confrontation in Appaloosa, Everett Hitch heads into the afternoon sun and ends up in Resolution, an Old West town so new the dust has yet to settle. He takes the job as lookout at Amos Wolfson's Blackfoot Saloon and quickly establishes his position as the protector of the ladies...

Full description

Bibliographic Details
Main Author: Parker, Robert B., 1932-2010
Corporate Author: Random House Audio Publishing
Other Authors: Welliver, Titus
Format: CD Audio Book
Language:English
Published: New York, N.Y. : Random House Audio, [2008]
Subjects:

MARC

Tag First Indicator Second Indicator Subfields
LEADER 00000cim a2200000Ia 4500
001 in00002394826
005 20151109064254.0
007 sd fungnn|||ed
008 080326s2008 nyunnnn f n eng d
020 |a 9780739366134 :  |c $29.95 
020 |a 0739366130 :  |c $29.95 
024 3 |a 9780739366134  |d 52995 
028 0 2 |a RHCD 2360  |b Random House Audio 
035 |a (OCoLC)ocn214112910 
035 |a (OCoLC)214112910 
037 |b Midwest Tape  |n http://www.midwesttapes.com 
040 |a TEFMT  |c TEFMT  |d BTCTA  |d RCS  |d DPL  |d UtOrBLW 
049 |a TXAM 
090 |a PS3566.A686  |b R47 2008b 
092 0 |a 813/.54  |2 22 
100 1 |a Parker, Robert B.,  |d 1932-2010. 
245 1 0 |a Resolution :  |b [a novel] /  |c Robert B. Parker. 
264 1 |a New York, N.Y. :  |b Random House Audio,  |c [2008] 
264 4 |c ℗2008 
300 |a 4 sound discs (4 1/2 hr.) :  |b digital ;  |c 4 3/4 in. 
306 |a 043000 
336 |a spoken word  |b spw  |2 rdacontent 
337 |a audio  |b s  |2 rdamedia 
338 |a audio disc  |b sd  |2 rdacarrier 
500 |a Subtitle from container. 
511 0 |a Read by Titus Welliver. 
508 |a Director, David Rapkin. 
500 |a Unabridged. 
500 |a Compact discs. 
520 |a After a bloody confrontation in Appaloosa, Everett Hitch heads into the afternoon sun and ends up in Resolution, an Old West town so new the dust has yet to settle. He takes the job as lookout at Amos Wolfson's Blackfoot Saloon and quickly establishes his position as the protector of the ladies who work the back rooms. When greedy mine owner Eamon O'Malley threatens the loose coalition of local ranchers, Hitch finds himself in the middle of a makeshift war between O'Malley's men and the ranchers 
500 |a Sound recording. 
650 0 |a Irish American copper miners  |v Fiction. 
650 0 |a Ranchers  |v Fiction. 
655 7 |a Western stories.  |2 gsafd 
655 7 |a Audiobooks.  |2 lcgft 
700 1 |a Welliver, Titus. 
710 2 |a Random House Audio Publishing. 
938 |a Baker and Taylor  |b BTCP  |n BK0007465268 
948 |a cataloged  |b h  |c 2008/6/25  |d c  |e ceaton  |f 8:30:31 am 
994 |a C0  |b TXA 
999 |a MARS 
999 f f |s 3ad04fc8-15ca-362a-96dc-abfd55a1911e  |i 24c0e6fb-97f8-3ebd-93bb-8446ce2c8453  |t 0 
952 f f |p ric  |a Texas A&M University  |b Rellis Campus  |c Joint Library Facility  |d Remote Storage  |t 0  |e PS3566.A686 R47 2008b  |h Library of Congress classification  |i audio -- audio disc  |m A14837250099 
998 f f |a PS3566.A686 R47 2008b  |t 0  |l Remote Storage